Montana County Seats - Statistics

General Stats
  • This quiz has been taken 32 times
  • The average score is 33 of 56
Answer Stats
County County Seat % Correct
Yellowstone Billings
93%
Gallatin Bozeman
93%
Lewis and Clark Helena
93%
Missoula Missoula
93%
Deer Lodge Anaconda
87%
Silver Bow Butte
80%
Flathead Kalispell
80%
Wibaux Wibaux
80%
Teton Choteau
73%
Glacier Cut Bank
73%
Powell Deer Lodge
73%
Dawson Glendive
73%
Cascade Great Falls
73%
Hill Havre
73%
Fergus Lewistown
73%
Park Livingston
73%
Toole Shelby
73%
Lincoln Libby
67%
Custer Miles City
67%
Lake Polson
67%
Richland Sidney
67%
Powder River Broadus
60%
Pondera Conrad
60%
Beaverhead Dillon
60%
Chouteau Fort Benton
60%
Valley Glasgow
60%
Ravalli Hamilton
60%
Big Horn Hardin
60%
Phillips Malta
60%
Carbon Red Lodge
60%
Garfield Jordan
53%
Musselshell Roundup
53%
Mineral Superior
53%
Broadwater Townsend
53%
Meagher White Sulphur Springs
53%
Sweet Grass Big Timber
47%
Jefferson Boulder
47%
Liberty Chester
47%
McCone Circle
47%
Stillwater Columbus
47%
Wheatland Harlowton
47%
Treasure Hysham
47%
Daniels Scobey
47%
Petroleum Winnett
47%
Fallon Baker
40%
Carter Ekalaka
40%
Granite Philipsburg
40%
Sheridan Plentywood
40%
Judith Basin Stanford
40%
Prairie Terry
40%
Madison Virginia City
40%
Roosevelt Wolf Point
40%
Blaine Chinook
33%
Rosebud Forsyth
33%
Golden Valley Ryegate
33%
Sanders Thompson
33%
No matching quizzes found
Score Distribution
Percent of People with Each Score
Percentile by Number Answered
Your Score History
You have not taken this quiz